|
|
|
|
| LEADER |
00000nam0a2200000 4500 |
| 001 |
355536 |
| 005 |
20231102010814.0 |
| 035 |
|
|
|a (RuTPU)RU\TPU\retro\12796
|
| 090 |
|
|
|a 355536
|
| 100 |
|
|
|a 20200709d1941 km y0rusy50 ca
|
| 101 |
0 |
|
|a rus
|
| 102 |
|
|
|a RU
|
| 105 |
|
|
|a a z 000zy
|
| 200 |
1 |
|
|a Нормативный график сборочного производства серий машин
|f А. П. Крассовский
|g Всесоюзное научное инженерно-техническое общество машиностроителей, Ленинградское отделение ; под ред. К. Г. Татевосова
|
| 210 |
|
|
|a Москва
|c Машгиз
|d 1941
|
| 215 |
|
|
|a 37 с.
|c ил.
|
| 300 |
|
|
|a Подписано к печати 24/VI 1941 г.
|
| 606 |
1 |
|
|a Слесарно-сборочное дело
|2 stltpush
|3 (RuTPU)RU\TPU\subj\55154
|9 73214
|
| 610 |
1 |
|
|a коллекция: 1941-1945 гг.
|
| 610 |
1 |
|
|a сборочное производство
|
| 610 |
1 |
|
|a нормативы
|
| 610 |
1 |
|
|a графики
|
| 610 |
1 |
|
|a серийное производство
|
| 610 |
1 |
|
|a детали
|
| 610 |
1 |
|
|a партии
|
| 610 |
1 |
|
|a изделия
|
| 675 |
|
|
|a 621.757
|v 4
|
| 700 |
|
1 |
|a Крассовский
|b А. П.
|
| 702 |
|
1 |
|a Татевосов
|b К. Г.
|4 340
|
| 712 |
0 |
2 |
|a Всесоюзное научное инженерно-техническое общество машиностроителей
|b Ленинградское отделение
|2 stltpush
|3 (RuTPU)RU\TPU\col\8521
|
| 801 |
|
1 |
|a RU
|b 63413507
|c 20200709
|
| 801 |
|
2 |
|a RU
|b 63413507
|c 20200715
|g RCR
|
| 942 |
|
|
|c BK
|